[Event "Leipzig VfB op 10th"]
[Site "Leipzig"]
[Date "2003.03.16"]
[Round "9"]
[White "Kimmel, Alexander"]
[Black "Grosse, Marcus"]
[Result "1-0"]
[WhiteElo "1440"]
[BlackElo "1634"]
[PlyCount "69"]
[EventDate "2003.03.11"]
[EventType "swiss"]
[EventRounds "9"]
[EventCountry "GER"]
[SourceTitle "EXT 2008"]
[Source "ChessBase"]
[SourceDate "2007.11.25"]
[SourceVersion "1"]
[SourceVersionDate "2007.11.25"]
[SourceQuality "1"]

1. e4 d5 2. exd5 Nf6 3. d4 Nxd5 4. Nf3 Bg4 5. h3 Bxf3 6. Qxf3 c6 7. c3 e6 8. Be2 Nd7 9. 0-0 Be7 10. a3 0-0 11. c4 N5b6 12. Nc3 Nf6 13. Be3 Kh8 14. Rfd1 Qd7 15. Bf1 Rad8 16. b4 Rc8 17. Qe2 Rfd8 18. g3 Qe8 19. Bg2 Nfd7 20. Ne4 e5 21. d5 Nb8 22. d6 Bf8 23. h4 f5 24. Nc3 N8d7 25. c5 Na8 26. Bg5 Nf6 27. Bxf6 gxf6 28. Qd3 e4 29. Qd4 Qe6 30. Bh3 b6 31. Re1 Bxd6 32. cxd6 Rxd6 33. Bxf5 Rxd4 34. Bxe6 Re8 35. Bf5 1-0

[Event "Leipzig VfB op 10th"]
[Site "Leipzig"]
[Date "2003.03.12"]
[Round "2"]
[White "Kimmel, Alexander"]
[Black "Seiler, Dirk"]
[Result "0-1"]
[WhiteElo "1440"]
[BlackElo "1739"]
[PlyCount "52"]
[EventDate "2003.03.11"]
[EventType "swiss"]
[EventRounds "9"]
[EventCountry "GER"]
[SourceTitle "EXT 2008"]
[Source "ChessBase"]
[SourceDate "2007.11.25"]
[SourceVersion "1"]
[SourceVersionDate "2007.11.25"]
[SourceQuality "1"]

1. e4 e6 2. d4 d5 3. e5 c5 4. c3 Qb6 5. b3 Nc6 6. Be3 cxd4 7. Bxd4 Nxd4 8. Qxd4 Qxd4 9. cxd4 Bb4+ 10. Nd2 Bc3 11. Bb5+ Bd7 12. Bxd7+ Kxd7 13. Rc1 Bxd4 14. Ngf3 Bb6 15. 0-0 h6 16. b4 Ne7 17. a4 a6 18. Nb3 Rhc8 19. Nc5+ Bxc5 20. bxc5 Nc6 21. Rb1 Rc7 22. Rb6 Na5 23. Rfb1 Rxc5 24. Rxb7+ Nxb7 25. Rxb7+ Rc7 26. Rb6 Rc1+ 0-1